Negociación y concertación en Centroamérica /

Na minha lista:
Detalhes bibliográficos
Autor principal: Cerdas Cruz, Rodolfo
Formato: Texto
Tags: Adicionar Tag
Sem tags, seja o primeiro a adicionar uma tag!

MARC

LEADER 00000 a a2200000 04500
001 7407
003
040
100 |a Cerdas Cruz, Rodolfo  
245 |a Negociación y concertación en Centroamérica /  |c Rodolfo Cerdas Cruz 
773 |g número 12; páginas 5-13  
999 |c 31775  |d 31775